Maximum Security / (Record no. 4100)
[ view plain ]
| 000 -LEADER | |
|---|---|
| fixed length control field | 00406nam a22001577a 4500 |
| 003 - CONTROL NUMBER IDENTIFIER | |
| control field | GBCCL |
| 005 - DATE AND TIME OF LATEST TRANSACTION | |
| control field | 20241126110511.0 |
| 008 - FIXED-LENGTH DATA ELEMENTS--GENERAL INFORMATION | |
| fixed length control field | 180112b xxu||||| |||| 00| 0 eng d |
| 040 ## - CATALOGING SOURCE | |
| Transcribing agency | gbc |
| 082 ## - DEWEY DECIMAL CLASSIFICATION NUMBER | |
| Classification number | 813.54 |
| Item number | ROB |
| 100 ## - MAIN ENTRY--PERSONAL NAME | |
| Personal name | Robertson, Pat |
| 9 (RLIN) | 4754 |
| 245 ## - TITLE STATEMENT | |
| Title | Maximum Security / |
| Statement of responsibility, etc. | Pat Robertson |
| 260 ## - PUBLICATION, DISTRIBUTION, ETC. | |
| Place of publication, distribution, etc. | Virginia: |
| Name of publisher, distributor, etc. | CBN University Press, |
| Date of publication, distribution, etc. | 1978 |
| 300 ## - PHYSICAL DESCRIPTION | |
| Extent | 126 p.; |
| Other physical details | ill., |
| Dimensions | 21 cm. |
| 942 ## - ADDED ENTRY ELEMENTS (KOHA) | |
| Source of classification or shelving scheme | Dewey Decimal Classification |
| Koha item type | Books |
| Withdrawn status | Lost status | Source of classification or shelving scheme | Damaged status | Not for loan | Home library | Current Library | Shelving location | Date acquired | Total checkouts | Full call number | Barcode | Date last seen | Copy number | Price effective from | Koha item type |
|---|---|---|---|---|---|---|---|---|---|---|---|---|---|---|---|
| Dewey Decimal Classification | GRACE BIBLE COLLEGE | GRACE BIBLE COLLEGE | General Studies | 2018-01-12 | 813.54 ROB | 009351 | 2025-05-01 | c.1 | 2018-01-12 | Books |